1272 1939 1335 1835 1936 1804 1930 1397 1317 1037 1486 1090 1482 1444 1063 1214 1677 1745 1843 1720 1710 1912 1566 1268 1274 1640 1528 1293 1824 1151 1215 1222 1518 1904 1546 1140 1148 1896 1360 1597 1470 1394 1969 1008 1425 1678 1525 1532 1866 1405 1060 1669 1597 1923 1729 1590 1757 1196 1672 1516 1365 1736 1093 1934 1704 1372 1884 1973 1605 1437 1414 1532 1011 1896 1934 1780 1606 1189 1784 1659 1461 1251 1071 1827 1118 1009 1291 1703 1270 1987 1010 1503 1282 1316 1815 1553 1006 1622 1026 BCNSPRNW ULIB Ver.6.0+V

เปลี่ยนเป็นภาษาไทย

Change to English
 แสดงรายละเอียดบรรณานุกรม
  กลับหน้าหลัก

Brief Record : Get Marc (ISO 2709) : E-mail record : QR code < ปิดหน้าต่าง
LEADER : 00000nam 2200000uu 4500
001    13399127273
003     ULIB
008    200316s2562||||th 000 0 tha d
020    ^a9786162961878
060    ^aWQ100^bธ523ค
100    ^aธารางรัตน์ หาญประเสริฐพงษ์ และณัฐพร จันทร์ดียิ่ง
245    ^aคู่มือการให้คำแนะนำปรึกษาทางสูติศาสตร์ สำหรับแพทย์เวชปฏิบัติทั่วไป Obstetric counselling for general practitioners
250    ^aพิมพ์ครั้งที่ 1
260    ^aนครนายก :^bภาควิชาสูติศาสตร์และนรีเวชวิทยา คณะแพทยศาสตร์ มหาวิทยาลัยศรีนครินทรวิโรฒ,^c2562
300    ^a144 หน้า^bภาพประกอบ, ตาราง, ภาคผนวก
650    ^aสูติศาสตร์
945    ^p200^l0^i006642
945    ^p200^l0^i006643
945    ^p200^l0^i006644
945    ^p200^l0^i006645
945    ^p200^l0^i006646
999    ^aประนอม เกษจรัล
รายการนี้ยังไม่มีแท็ก
คุณยังไม่ได้ล็อกอิน คุณสามารถมีกิจกรรมร่วมกับเว็บไซต์ได้ แต่ต้องล็อกอินก่อน ::
  ล็อกอิน

รายการสื่อสารสนเทศ

ลำดับที่ ประเภท เลขเรียก/บาร์โค้ด สถานที่ สถานะ
1. วิทยาศาสตร์การแพทย์ และสุขภาพ
หนังสือสำรอง
สถานะ=หนังสือสำรอง
WQ100 ธ523ค ฉ.1 
  Barcode: 006642
ห้องสมุดวิทยาเขตสวรรค์ประชารักษ์
►หนังสือทั่วไป
บนชั้น
2. วิทยาศาสตร์การแพทย์ และสุขภาพ
วิทยาศาสตร์การแพทย์ และสุขภาพ
WQ100 ธ523ค ฉ.2 
  Barcode: 006643
ห้องสมุดวิทยาเขตสวรรค์ประชารักษ์
►หนังสือทั่วไป
บนชั้น
3. วิทยาศาสตร์การแพทย์ และสุขภาพ
วิทยาศาสตร์การแพทย์ และสุขภาพ
WQ100 ธ523ค ฉ.3 
  Barcode: 006644
ห้องสมุดวิทยาเขตสวรรค์ประชารักษ์
►หนังสือทั่วไป
บนชั้น
4. วิทยาศาสตร์การแพทย์ และสุขภาพ
วิทยาศาสตร์การแพทย์ และสุขภาพ
WQ100 ธ523ค ฉ.4 
  Barcode: 006645
ห้องสมุดวิทยาเขตสวรรค์ประชารักษ์
►หนังสือทั่วไป
บนชั้น
5. วิทยาศาสตร์การแพทย์ และสุขภาพ
วิทยาศาสตร์การแพทย์ และสุขภาพ
WQ100 ธ523ค ฉ.5 
  Barcode: 006646
ห้องสมุดวิทยาเขตสวรรค์ประชารักษ์
►หนังสือทั่วไป
บนชั้น

รายการใกล้เคียง
    ชื่อเรื่อง [คู่มือการให้คำแนะนำปรึกษาทางสูติศาสตร์ สำหรับแพทย์เวชปฏิบัติทั่วไป Obstetric counselling for general practitioners]

    ผู้แต่ง [ธารางรัตน์ หาญประเสริฐพงษ์ และณัฐพร จันทร์ดียิ่ง]

    หัวเรื่อง [สูติศาสตร์]

BibComment


ยังไม่เคยถูกคอมเมนท์

คอมเมนท์ทรัพยากรรายการนี้
  คอมเมนท์: คู่มือการให้คำแน..


 Copyright 2026. Bcnsprnw @Library